00901nam a22002897a 4500001000500000005001700005020001800022040002900040050001400069082001100083100002000094245003100114250004500145260003400190300002200224505000700246520014700253521001900400521001800419650001200437650000900449650001500458700003600473700003400509700003500543700003300578205220250825134612.0 a9780439889919 aFISKHbengcFISKHdFISKH aQL737.C27 a599.78 aHelbrough, Emma aBears /cUsborne Beginners aFirst Scholastic printing, December 2006 aNew York :bScholastic,c2006 a32 pages :c20 cm aM  aWhat do bears eat? Where do they live? Can they swim? In this book you'll find the answers and lots more about the fascinating world of bears. a560 bLexile  aM bRaz-Plus  2animals 2bear 2polar bear aLawrence, MichellecCo-designer aThompson, JosephcCo-designer aKushii, TetsuocCo-illustrator aLarkum, AdamcCo-illustrator